| Tag |
First Indicator |
Second Indicator |
Subfields |
| LEADER |
00000cam a2200000 i 4500 |
| 001 |
in00000483473 |
| 005 |
20151013054822.0 |
| 008 |
751009s1975 inuaf 00010 eng |
| 010 |
|
|
|a 75015092
|
| 020 |
|
|
|a 0672212110 :
|c $12.95 ($15.50 Can.)
|
| 035 |
|
|
|a (OCoLC)01848937
|
| 035 |
|
|
|9 ACC3681AM
|
| 040 |
|
|
|a DLC
|c DLC
|d TXA
|d UtOrBLW
|
| 049 |
|
|
|a TXAM
|c [1237570]
|
| 050 |
0 |
0 |
|a TK6642
|b .P692
|
| 082 |
0 |
|
|a 621.3888/7
|
| 100 |
1 |
|
|a Prentiss, Stan.
|
| 245 |
1 |
0 |
|a Servicing Quasar for 1973-1975 /
|c by Stan Prentiss.
|
| 250 |
|
|
|a 1st ed.
|
| 264 |
|
1 |
|a Indianapolis :
|b T. Audel,
|c 1975.
|
| 300 |
|
|
|a 640 pages, 24 folded leaves of plates :
|b illustrations ;
|c 28 cm.
|
| 336 |
|
|
|a text
|b txt
|2 rdacontent
|
| 337 |
|
|
|a unmediated
|b n
|2 rdamedia
|
| 338 |
|
|
|a volume
|b nc
|2 rdacarrier
|
| 650 |
|
0 |
|a Television
|x Repairing.
|
| 650 |
|
0 |
|a Stereophonic sound systems
|x Repairing.
|
| 650 |
|
0 |
|a Magnetic recorders and recording
|x Repairing.
|
| 999 |
|
|
|a MARS
|
| 999 |
f |
f |
|s 0786a674-3a4a-3583-965d-41ace0875f8f
|i 94cc60e3-aa01-3c0b-bc5e-497cc86d84d6
|t 0
|
| 952 |
f |
f |
|p ric
|a Texas A&M University
|b Rellis Campus
|c Joint Library Facility
|d Remote Storage
|t 0
|e TK6642 .P692
|h Library of Congress classification
|i unmediated -- volume
|m A14805491415
|
| 998 |
f |
f |
|a TK6642 .P692
|t 0
|l Remote Storage
|